| 000 | 00734nam a2200241Ia 4500 | ||
|---|---|---|---|
| 003 | GCL | ||
| 005 | 20240530104622.0 | ||
| 008 | 140319s9999 xx 000 0 ara d | ||
| 040 |
_aGCL / _cGCL |
||
| 082 | 0 | 4 | _a810.802 |
| 100 | 1 | _aابى العباس محمد بن يزيد المبرد | |
| 245 | 1 | 0 |
_aالكامل / _cابى العباس محمد بن يزيد المبرد |
| 260 |
_a[S.N] : _bدار الفكر العربى |
||
| 300 | _aمتعدد الترقيم | ||
| 650 | 0 | 4 | _aالادب العربى |
| 650 | 0 | 4 | _aنحو |
| 650 | 0 | 4 | _aالصرف |
| 650 | 0 | 4 | _aالوصف الادبى |
| 650 | 0 | 4 | _aالخطب |
| 650 | 0 | 4 | _aالرسائل |
| 700 | 1 | _aمحمد ابوالفضل ابراهيم | |
| 942 |
_2ddc _cBK |
||
| 999 |
_c49241 _d49241 |
||